Joint procurement of pharmaceuticals by VA and DOD : hearing before the Subcommittee Oversight and Investigations of the Committee on Veterans' Affairs, House of Representatives, One Hundred Sixth Congress, second session, May 25, 2000.

Bibliographic Details
Corporate Authors: United States. Congress. House. Committee on Veterans' Affairs. Subcommittee on Oversight and Investigations, ProQuest (Firm)
Format: Government Document eBook
Language:English
Published: Washington : U.S. G.P.O. : 2001.
Series:U.S. Congressional Hearings.
Subjects:
Online Access:Connect to the full text of this electronic book

MARC

Tag First Indicator Second Indicator Subfields
LEADER 00000cam a22000001a 4500
001 in00003261925
006 m d f
007 cr bn mmmapmmp
008 090922s2001 dcu ob f000 0 eng d
005 20260511204940.1
035 |a cis2007472807 
040 |a UMI  |c UMI  |d UtOrBLW 
043 |a n-us--- 
074 |a 1027-A 
074 |a 1027-B (MF) 
086 0 |a Y 4.V 64/3:106-41 
088 |a Serial no. 106-41 (United States. Congress. House. Committee on Veterans' Affairs) 
099 |a HRG-2000-VAH-0018 
110 1 |a United States.  |b Congress.  |b House.  |b Committee on Veterans' Affairs.  |b Subcommittee on Oversight and Investigations. 
245 1 0 |a Joint procurement of pharmaceuticals by VA and DOD :  |b hearing before the Subcommittee Oversight and Investigations of the Committee on Veterans' Affairs, House of Representatives, One Hundred Sixth Congress, second session, May 25, 2000. 
264 1 |a Washington :  |b U.S. G.P.O. :  |c 2001. 
264 2 |a Washington :  |b [U.S. G.P.O., Supt. of Docs., Congressional Sales Office, distributor], 
300 |a 1 online resource. 
336 |a text  |b txt  |2 rdacontent 
337 |a computer  |b c  |2 rdamedia 
338 |a online resource  |b cr  |2 rdacarrier 
500 |a Record is based on bibliographic data in ProQuest Congressional Hearings Digital Collection. Reuse except for individual research requires license from ProQuest, LLC. 
504 |a Includes bibliographical references. 
538 |a System requirements: PDF reader software. 
500 |a Electronic resource. 
610 1 0 |a United States.  |b Department of Veterans Affairs  |x Procurement  |x Cost control. 
610 1 0 |a United States.  |b Department of Defense  |x Procurement  |x Cost control. 
650 0 |a Drugs  |z United States  |x Purchasing  |x Cost control. 
650 0 |a Pharmacy, Military  |z United States. 
655 7 |a Electronic books.  |2 local 
710 2 |a ProQuest (Firm) 
776 0 8 |i Print version:  |a United States. Congress. House. Committee on Veterans' Affairs. Subcommittee on Oversight and Investigations.  |t Joint procurement of pharmaceuticals by VA and DOD  |w (DLC)2001337677  |w (OCoLC)ocm46635106 
776 0 8 |i Microfiche version:  |a United States. Congress. House. Committee on Veterans' Affairs. Subcommittee on Oversight and Investigations.  |t Joint procurement of pharmaceuticals by VA and DOD.  |d [Bethesda, Md.] : ProQuest,[2004]  |o CIS 2001 H761-5  |w (ProQuest)cis00101188 
830 0 |a U.S. Congressional Hearings. 
856 4 0 |u http://proxy.library.tamu.edu/login?url=https://congressional.proquest.com/congcomp/getdoc?HEARING-ID=HRG-2000-VAH-0018  |z Connect to the full text of this electronic book  |t 0 
998 |a cis00101188 
999 |a MARS 
999 f f |s 6c07f673-bf7e-35ce-9768-470977ae5b8b  |i 91e48093-726c-3b75-816b-501fc1b7230b  |t 0 
952 f f |a Texas A&M University  |b College Station  |c Electronic Resources  |s www_evans  |d Available Online  |t 0  |e HRG-2000-VAH-0018  |h Other scheme 
998 f f |a HRG-2000-VAH-0018  |t 0  |l Available Online